000 01169nam a2200301Ia 4500
005 20220317001527.0
008 161108s1995 sp a g 000 0 s
020 _a9788479604974
082 0 4 _a551
_bN18e
100 1 _aNavarro García, José Benjamín
245 1 3 _aLa enorme pequeñez de la abuela tierra
_cJosé B. Navarro García ; ilustraciones de Amparo Navarro García
250 _a3a. edición
300 _a124 páginas
_bilustraciones en color
_c21 cm
490 _aAlba y Mayo
505 _aLa humanidad -- La abuela Tierra -- El país de la abuela Tierra -- Pequeños y grandes mundos -- La sorprendente célula -- Mundos de palabras
650 1 4 _2LEMB
_aOrigen de la tierra
650 1 4 _2LEMB
_aOrigen del universo
650 1 4 _2LEMB
_aEcologismo
650 1 4 _2LEMB
_aEvolución (Biología)
650 1 4 _2LEMB
_aHombre
_vInfluencia sobre la naturaleza
700 1 _aNavarro García, Amparo
_eilustrador
_975020
942 _2ddc
_cBK
264 _aMadrid
_bEdiciones de la Torre
_c1995
336 _atexto
_btxt
_2rdacontent
337 _asin mediación
_bn
_2rdamedia
338 _avolumen
_bnc
_2rdacarrier
040 _aCO-BoRNBP
_bspa
_erda
_cCO-BoRNBP
999 _c7250
_d7250